Tukův proces : (Studie politicko-historická) /

Main Author: Loubal, František, 1893-1950
Language: Czech
Published: V Brně : Revue Červená a bílá, [1938]
Physical Description: 65, [I] s. ; 8°
Book
Saved in:
LEADER 00881nam a22002412a 4500
001 001141556
003 CZ BrMZK
005 20110601204810.0
007 ta
008 110322s1938 xr er|||||||||||cze d
015 |a cnb000750437 
035 |a (OCoLC)85609818 
040 |a ABA001  |b cze  |c HKA001  |d ABA001 
100 1 |a Loubal, František,  |d 1893-1950  |7 jk01072468  |4 edt 
245 1 0 |a Tukův proces :  |b (Studie politicko-historická) /  |c zpracoval František Loubal 
260 |a V Brně :  |b Revue Červená a bílá,  |c [1938] 
300 |a 65, [I] s. ;  |c 8° 
500 |a Zvláštní otisk z revue "Červená a bílá" 
910 |a BOA001  |b 1-0144.526 
990 |a BK 
991 |b 201103 
996 7 |b 2619358176  |c 1-0144.526  |l MZK  |r Sklad / do 1 hodiny  |n 2  |w 001173681  |u 000010  |a 1  |e BOA001  |j MZK50  |s A 
996 6 |b 2619358177  |c 1-0144.526  |l MZK  |r Sklad / do 1 hodiny  |n 0  |w 001173681  |u 000020  |a 1  |e BOA001  |j MZK50  |s P